01651cam a2200349 a 4500001000500000005001700005020002800022020001800050020002200068020001800090020001800108040003000126050002400156082001500180100001600195245005100211246003000262260004600292300004500338490002900383505000700412520051700419521002600936521001700962650004800979650003001027650003301057906004501090942001501135999001501150952013601165251020231213143350.0 a0060852380 (trade bdg.) a9780007739226 a0060852372 (pbk.) a9780060852382 a9780060852375 aOCOcOCOdBAKERdDLCbeng00aPZ7.G8636bSus 200500a823.922221 aLewis C. S.10aSusan's journey :bstep through the wardrobe /30aStep through the wardrobe aLondon :bHarperCollins Publishers,c2005 a82 pages :billustrations ; map ;c21 cm0 aThe chronicles of Narnia aZ  aour new chapter books will lead readers through the wardrobe and into the magical and wondrous world of Narnia. Each book tells the story of The Lion, the Witch and the Wardrobe, from the perspective of one of the four Pevensie heroes: Peter, Susan, Edmund, and Lucy. All four titles feature a movie image on the cover and are fully illustrated in black-and-white, with photographs and artwork from the film The Chronicles of Narnia: The Lion, the Witch and the Wardrobe by Walt Disney Pictures and Walden Media.1 a900 bLexile estimate1 aZ bRaz-Plus 0aNarnia (Imaginary place)vJuvenile fiction. 0aFantasy fiction, English. 0aChildren's stories, English. a7bcbcccopycatd2encipf20gy-gencatlg 2ddccBKn0 c2510d2510 00102ddc40708FICa002b002cSBSd2023-12-13l1oLEW 823.92 PZ7.G8636pFIS00430r2025-11-14 16:29:00s2024-01-08w2023-12-13yBK